000
00297nam a2200133Ia 4500
008
230312s9999||||xx |||||||||||||| ||und||
082
_a
346.549
_b
SAE-C
100
_a
Saeed;khawaja,amjad
245
0
_a
Company law in pakistan
260
_a
PK
_c
2012
300
_a
446
650
_a
Law
942
_c
BK
999
_c
2545
_d
2545